[Event "27th North American Open"]
[Site "Las Vegas"]
[Date "2017.12.26"]
[Round "2"]
[White "Cuya, Bryan"]
[Black "Matikozyan, Andran"]
[Result "1-0"]
[WhiteElo "2270"]
[BlackElo "2418"]
[PlyCount "83"]
[EventDate "2017.12.??"]
[EventType "swiss"]
[EventRounds "9"]
[EventCountry "USA"]
[Source "MonRoi"]

1. d4 Nf6 2. Nf3 g6 3. c4 Bg7 4. Nc3 d6 5. Bg5 h6 6. Bh4 g5 7. Bg3 Nh5 8. e3 e6
9. Be2 Nd7 10. Qc2 Qe7 11. c5 Nxg3 12. cxd6 cxd6 13. hxg3 d5 14. Rc1 O-O 15.
O-O a6 16. Na4 Re8 17. Qc7 b5 18. Nc5 Nxc5 19. Qxe7 Rxe7 20. Rxc5 Bb7 21. Rfc1
f6 22. Rc7 Rae8 23. Nd2 Kf8 24. Nb3 Rxc7 25. Rxc7 Re7 26. Rc5 Ke8 27. Na5 Kd8
28. Nxb7+ Rxb7 29. Rc6 Kd7 30. Rxa6 b4 31. a4 bxa3 32. bxa3 Bf8 33. a4 Rb1+ 34.
Kh2 Bb4 35. Bb5+ Ke7 36. Ra7+ Kf8 37. a5 Be1 38. a6 Bxf2 39. Bd3 Ra1 40. Rb7
Bg1+ 41. Kh3 f5 42. Rb1 1-0

[Event "27th North American Open"]
[Site "Las Vegas"]
[Date "2017.12.26"]
[Round "2"]
[White "Ramazian, Arshak"]
[Black "Banawa, Joel"]
[Result "0-1"]
[WhiteElo "2244"]
[BlackElo "2397"]
[PlyCount "90"]
[EventDate "2017.12.??"]
[EventType "swiss"]
[EventRounds "9"]
[EventCountry "USA"]
[Source "MonRoi"]

1. e4 e5 2. Nf3 Nc6 3. Bc4 Bc5 4. c3 Nf6 5. d4 exd4 6. cxd4 Bb4+ 7. Nc3 Nxe4 8.
O-O Bxc3 9. d5 Bf6 10. Re1 Ne7 11. Rxe4 d6 12. Bg5 Bxg5 13. Nxg5 h6 14. Qe2
hxg5 15. Re1 Be6 16. dxe6 f6 17. Re3 c6 18. Rb3 Qc7 19. h3 d5 20. Bd3 Rh6 21.
a4 b6 22. a5 b5 23. a6 Qb6 24. Qd2 Kf8 25. Qb4 Rh4 26. Qd2 b4 27. Bf1 Rd4 28.
Qc2 c5 29. Rf3 Kg8 30. Bd3 Re8 31. Rfe3 c4 32. Bh7+ Kh8 33. Bg6 Nxg6 34. Qxg6
Re7 35. Qf7 Qd8 36. Qg6 Qe8 37. Qf5 Qc6 38. g3 c3 39. bxc3 bxc3 40. Rc1 Rc4 41.
Re5 Rc5 42. Rd1 c2 43. Rc1 Qb5 44. Kh2 Kg8 45. Ree1 d4 0-1

[Event "27th North American Open"]
[Site "Las Vegas"]
[Date "2017.12.26"]
[Round "2"]
[White "Premkumar, Hiren"]
[Black "Atoufi, Pedram"]
[Result "0-1"]
[WhiteElo "2090"]
[BlackElo "2284"]
[PlyCount "74"]
[EventDate "2017.12.??"]
[EventType "swiss"]
[EventRounds "9"]
[EventCountry "USA"]
[Source "MonRoi"]

1. d4 Nf6 2. Nf3 g6 3. g3 Bg7 4. Bg2 O-O 5. O-O d6 6. b3 Nc6 7. Bb2 e5 8. dxe5
Nd7 9. c4 dxe5 10. Na3 Nc5 11. Nc2 Qe7 12. Ne3 Rd8 13. Nd5 Qd6 14. a3 Ne6 15.
Nd2 f5 16. b4 b6 17. b5 Na5 18. Bc3 e4 19. Qc1 Bb7 20. Bxe4 fxe4 21. Nxe4 Qf8
22. Nef6+ Kh8 23. Qe3 Qf7 24. Qe4 Bxf6 25. Qf3 Ng7 26. Bxf6 Rd6 27. Qc3 Nxc4
28. Nxc7 Rc8 29. Bxg7+ Qxg7 30. Qxc4 Rxc7 31. Qf4 Rd4 32. Qe3 Re7 33. Qg5 Re5
34. Qc1 Rxe2 35. Rd1 Qe5 36. Qh6 Rxd1+ 37. Rxd1 Re1+ 0-1

[Event "27th North American Open"]
[Site "Las Vegas"]
[Date "2017.12.27"]
[Round "3.1"]
[White "Lee, Michael"]
[Black "Sevian, Samuel"]
[Result "1/2-1/2"]
[WhiteElo "2406"]
[BlackElo "2614"]
[PlyCount "80"]
[EventDate "2017.12.??"]
[EventType "swiss"]
[EventRounds "9"]
[EventCountry "USA"]
[Source "MonRoi"]

1. Nf3 d5 2. d4 Nf6 3. c4 e6 4. Nc3 c6 5. Bg5 dxc4 6. e4 b5 7. e5 h6 8. Bh4 g5
9. Nxg5 hxg5 10. Bxg5 Nbd7 11. exf6 Bb7 12. g3 c5 13. d5 Nxf6 14. Bg2 Be7 15.
O-O Nxd5 16. Bxe7 Kxe7 17. Nxb5 Qb6 18. Na3 Rh4 19. Qf3 Rg8 20. b3 c3 21. Rfe1
Rf4 22. Qe2 Rd4 23. Nc4 Qc7 24. Bxd5 Rxd5 25. Ne5 Rg5 26. Nf3 Rgf5 27. Nh4 Rfe5
28. Qc2 Qa5 29. Rxe5 Rxe5 30. Rc1 Qb4 31. Ng2 Rd5 32. a3 Qd4 33. Ne3 Rh5 34. h4
Qf6 35. Qe2 Qe5 36. Qc4 f5 37. Rxc3 f4 38. gxf4 Qg7+ 39. Kf1 Qg6 40. f5 Rxf5
1/2-1/2

[Event "27th North American Open"]
[Site "Las Vegas"]
[Date "2017.12.27"]
[Round "3.2"]
[White "Ghaemmaghami, Ehsan"]
[Black "Mandizha, Farai"]
[Result "1-0"]
[WhiteElo "2545"]
[BlackElo "2406"]
[PlyCount "87"]
[EventDate "2017.12.??"]
[EventType "swiss"]
[EventRounds "9"]
[EventCountry "USA"]
[Source "MonRoi"]

1. b3 d5 2. Bb2 Bf5 3. Nf3 e6 4. g3 h6 5. Bg2 Nf6 6. O-O c6 7. d3 Be7 8. Nbd2
O-O 9. Re1 a5 10. e4 Bh7 11. a3 Na6 12. Ne5 Rc8 13. Qe2 Nc5 14. Rad1 Ncd7 15.
Ndf3 Qc7 16. Bh3 dxe4 17. dxe4 Nc5 18. Nd2 Rcd8 19. f3 Ncd7 20. Nd3 a4 21. Qe3
Ne8 22. Bf1 Nd6 23. b4 c5 24. Nxc5 Nxc5 25. Qxc5 Qxc5+ 26. bxc5 Nc8 27. c6 Bc5+
28. Kg2 bxc6 29. Nc4 Na7 30. Ne5 Rfe8 31. Bc4 Rb8 32. Bd4 Bxd4 33. Rxd4 Nb5 34.
Rd3 Rbc8 35. Re2 Na7 36. Rd7 Nb5 37. Rxf7 Nxa3 38. Ba2 Rb8 39. Rd2 Rf8 40. Ra7
Nb5 41. Bxe6+ Kh8 42. Rxa4 g5 43. Rd7 Rf6 44. Nf7+ 1-0

[Event "27th North American Open"]
[Site "Las Vegas"]
[Date "2017.12.27"]
[Round "3.3"]
[White "Aldama, Dionisio"]
[Black "Kolev, Atanas"]
[Result "1/2-1/2"]
[WhiteElo "2403"]
[BlackElo "2552"]
[PlyCount "185"]
[EventDate "2017.12.??"]
[EventType "swiss"]
[EventRounds "9"]
[EventCountry "USA"]
[Source "MonRoi"]

1. e4 e5 2. Nf3 Nc6 3. Bb5 a6 4. Ba4 Nf6 5. O-O Be7 6. Re1 b5 7. Bb3 d6 8. c3
O-O 9. h3 Na5 10. Bc2 c5 11. d3 Nc6 12. Nbd2 Re8 13. Nf1 h6 14. Ne3 Bf8 15. a4
Rb8 16. axb5 axb5 17. Bb3 Na5 18. Ba2 Be6 19. Bxe6 fxe6 20. Nh4 Nc6 21. Ng4 Be7
22. Ng6 Kh7 23. Nxe7 Qxe7 24. Nxf6+ Qxf6 25. Ra6 Rec8 26. Qb3 Qf7 27. Be3 Rb7
28. Rea1 Qd7 29. Qd1 Rcc7 30. Qh5 Ra7 31. g4 Kg8 32. h4 Qf7 33. Qxf7+ Kxf7 34.
Kg2 Rab7 35. Ra8 b4 36. Rh8 bxc3 37. bxc3 Ra7 38. Rxa7 Rxa7 39. Rc8 Ne7 40. Rd8
Ra3 41. Rxd6 Rxc3 42. Rd7 Ke8 43. Rc7 Rxd3 44. Rxc5 Ng6 45. h5 Nf4+ 46. Kf3 g5
47. hxg6 Nxg6 48. Rc7 Rb3 49. Rh7 Kf8 50. Kg2 Kg8 51. Rxh6 Kg7 52. Rh3 Kg8 53.
Rh1 Kg7 54. Kg3 Kg8 55. Ra1 Kf7 56. Ra7+ Kg8 57. Rc7 Ra3 58. g5 Ra1 59. Kg4 Rh1
60. Rc1 Rh4+ 61. Kf3 Kf7 62. Rc7+ Kg8 63. Rc4 Kf7 64. Kg3 Rh1 65. Rc1 Rh5 66.
Rc7+ Kg8 67. f3 Rh1 68. Rc1 Rh5 69. Rc7 Rh1 70. Ra7 Rh5 71. f4 exf4+ 72. Bxf4
Rh4 73. Be5 Rxe4 74. Bf6 Kf8 75. Rg7 Ne5 76. Rh7 Ng6 77. Ra7 Nh4 78. Rh7 Ng6
79. Kf3 Rf4+ 80. Ke3 Ra4 81. Rb7 Nh4 82. Kd3 Rg4 83. Ke2 e5 84. Rb5 e4 85. Rb8+
Kf7 86. Rb7+ Ke6 87. Re7+ Kf5 88. Ra7 Nf3 89. Ke3 Nxg5 90. Bxg5 Kxg5 91. Rg7+
Kf5 92. Rxg4 Kxg4 93. Kxe4 1/2-1/2

[Event "27th North American Open"]
[Site "Las Vegas"]
[Date "2017.12.27"]
[Round "3.4"]
[White "Ghaemmaghami, Ehsan"]
[Black "Perez, Robert"]
[Result "1/2-1/2"]
[WhiteElo "2545"]
[BlackElo "2397"]
[PlyCount "82"]
[EventDate "2017.12.??"]
[EventType "swiss"]
[EventRounds "9"]
[EventCountry "USA"]
[Source "MonRoi"]

1. c4 c5 2. Nf3 Nc6 3. Nc3 g6 4. e3 Nf6 5. d4 cxd4 6. exd4 d5 7. cxd5 Nxd5 8.
Qb3 e6 9. Bg5 Be7 10. Bh6 Bf8 11. Bxf8 Kxf8 12. Bb5 Nce7 13. O-O Kg7 14. Rfe1
Qb6 15. Qa3 Rd8 16. Rac1 Bd7 17. Bxd7 Rxd7 18. Na4 Qa6 19. Qb3 b6 20. Ne5 Rdd8
21. Nc3 Rac8 22. g3 Qb7 23. Ne2 Nf5 24. Qf3 Rxc1 25. Rxc1 Rc8 26. Rxc8 Qxc8 27.
g4 Nd6 28. Nc3 Nxc3 29. bxc3 f6 30. Nc6 Qd7 31. h3 Nc4 32. Nb4 a5 33. Nd3 g5
34. Qa8 Nd2 35. Kg2 Nb1 36. c4 Qxd4 37. Qb7+ Kg6 38. Qc6 Kf7 39. Qb7+ Kg6 40.
Qc6 Kf7 41. Qb7+ Kg6 1/2-1/2

[Event "27th North American Open"]
[Site "Las Vegas"]
[Date "2017.12.27"]
[Round "3"]
[White "Banawa, Joel"]
[Black "Paragua, Mark"]
[Result "1/2-1/2"]
[WhiteElo "2397"]
[BlackElo "2513"]
[PlyCount "29"]
[EventDate "2017.12.??"]
[EventType "swiss"]
[EventRounds "9"]
[EventCountry "USA"]
[Source "MonRoi"]

1. c4 Nf6 2. Nc3 d5 3. cxd5 Nxd5 4. Nf3 g6 5. Qa4+ Bd7 6. Qh4 Nxc3 7. dxc3 Nc6
8. e4 e5 9. Bg5 Be7 10. Bc4 h6 11. Bxe7 Qxe7 12. Qxe7+ Kxe7 13. h3 Kf6 14.
O-O-O Rad8 15. Rd2 1/2-1/2

[Event "27th North American Open"]
[Site "Las Vegas"]
[Date "2017.12.27"]
[Round "3"]
[White "Shmelov, Denys"]
[Black "Kavutskiy, Konstantin"]
[Result "1-0"]
[WhiteElo "2420"]
[BlackElo "2369"]
[PlyCount "141"]
[EventDate "2017.12.??"]
[EventType "swiss"]
[EventRounds "9"]
[EventCountry "USA"]
[Source "MonRoi"]

1. d4 Nf6 2. c4 g6 3. Nc3 Bg7 4. e4 d6 5. Be2 O-O 6. Nf3 Nbd7 7. O-O e5 8. Be3
Qe7 9. Qc2 c6 10. d5 Ne8 11. Ne1 f5 12. f3 f4 13. Bf2 c5 14. Nd3 g5 15. Rab1
Ndf6 16. b4 b6 17. bxc5 bxc5 18. Qa4 Bd7 19. Rb7 Qf7 20. Qa5 Qg6 21. Bxc5 g4
22. Ba3 Bc8 23. Rb2 gxf3 24. Bxf3 Ng4 25. Qa4 Nef6 26. Bxd6 Bd7 27. Qa3 Ne3 28.
Bxf8 Bxf8 29. Qa6 Nxf1 30. Kxf1 Qg5 31. c5 Ng4 32. Kg1 Qh4 33. Bxg4 Bxg4 34. d6
f3 35. Qc4+ Kh8 36. Qd5 Re8 37. g3 Qh6 38. Nf2 Qe3 39. Qd2 Qxc5 40. Na4 Qc8 41.
Rc2 Qe6 42. Nc5 Qxd6 43. Qxd6 Bxd6 44. Nb7 Rb8 45. Nxg4 Rxb7 46. Kf2 Kg7 47.
Ne3 Rb6 48. Kxf3 Ra6 49. Rc4 Ra3 50. Rc2 Kf7 51. Ke2 Ke6 52. Nc4 Ra6 53. Kd3
Bc7 54. Rf2 Ke7 55. a3 Rh6 56. Ne3 Ke6 57. Nd5 Bd6 58. a4 Rg6 59. Kc4 Rh6 60.
Kb5 Kd7 61. Rc2 Rg6 62. a5 Ke6 63. Kc6 Rg8 64. Rf2 Rc8+ 65. Kb7 Rc4 66. Rf6+
Kd7 67. Rh6 Bc5 68. Rxh7+ Ke6 69. Rh6+ Kf7 70. Rc6 Rc2 71. Ka6 1-0

[Event "27th North American Open"]
[Site "Las Vegas"]
[Date "2017.12.27"]
[Round "3"]
[White "Coleman, Teddy"]
[Black "Li, Ruifeng"]
[Result "1/2-1/2"]
[WhiteElo "2386"]
[BlackElo "2569"]
[PlyCount "70"]
[EventDate "2017.12.??"]
[EventType "swiss"]
[EventRounds "9"]
[EventCountry "USA"]
[Source "MonRoi"]

1. d4 Nf6 2. c4 c6 3. Nf3 d5 4. Qb3 g6 5. Bf4 dxc4 6. Qxc4 Be6 7. Qc1 Bg7 8. e3
O-O 9. Be2 Nbd7 10. Nc3 c5 11. O-O Rc8 12. Rd1 cxd4 13. Nxd4 Bc4 14. Bg3 Bxe2
15. Ndxe2 Qa5 16. Qc2 Nd5 17. Rac1 N7b6 18. Qb3 Nxc3 19. Nxc3 Rc5 20. Bh4 g5
21. Bg3 Rfc8 22. Ne2 Rxc1 23. Nxc1 Qa4 24. Nd3 Qxb3 25. axb3 Rc2 26. Kf1 h6 27.
Ke1 Bxb2 28. Nxb2 Rxb2 29. Rd8+ Kh7 30. Rb8 Rxb3 31. Rxb7 Rb1+ 32. Ke2 Rb2+ 33.
Ke1 Ra2 34. Bb8 Nd5 35. Bxa7 Kg6 1/2-1/2

[Event "27th North American Open"]
[Site "Las Vegas"]
[Date "2017.12.27"]
[Round "3"]
[White "Hess, Robert"]
[Black "Wang, Annie"]
[Result "1-0"]
[WhiteElo "2568"]
[BlackElo "2330"]
[PlyCount "73"]
[EventDate "2017.12.??"]
[EventType "swiss"]
[EventRounds "9"]
[EventCountry "USA"]
[Source "MonRoi"]

1. d4 e6 2. Nf3 Nf6 3. Bf4 Be7 4. c4 d5 5. Nc3 O-O 6. Qc2 c6 7. e3 Nbd7 8.
O-O-O Qa5 9. Nd2 a6 10. c5 Re8 11. Bd3 Qd8 12. Nf3 Nf8 13. Na4 N6d7 14. h4 b5
15. Nc3 a5 16. Ng5 Nf6 17. e4 g6 18. e5 Nh5 19. Be3 Ba6 20. g4 Ng7 21. Nf3 b4
22. Bxa6 Rxa6 23. Ne2 Nd7 24. h5 gxh5 25. Ng3 h4 26. g5 a4 27. Rxh4 Nf8 28. Qd3
Qa5 29. Rdh1 Bd8 30. Rxh7 Nxh7 31. Qxh7+ Kf8 32. Qh8+ Ke7 33. Qxg7 Qb5 34. g6
Qc4+ 35. Kd2 Ba5 36. Qxf7+ Kd8 37. Bg5+ 1-0

[Event "27th North American Open"]
[Site "Las Vegas"]
[Date "2017.12.27"]
[Round "3"]
[White "Atoufi, Pedram"]
[Black "Brown, Michael"]
[Result "1/2-1/2"]
[WhiteElo "2284"]
[BlackElo "2506"]
[PlyCount "101"]
[EventDate "2017.12.??"]
[EventType "swiss"]
[EventRounds "9"]
[EventCountry "USA"]
[Source "MonRoi"]

1. e4 e5 2. Nf3 Nc6 3. Bb5 a6 4. Ba4 Nf6 5. O-O Be7 6. Re1 b5 7. Bb3 d6 8. c3
O-O 9. d4 Bg4 10. Be3 exd4 11. cxd4 Na5 12. Bc2 c5 13. h3 Bh5 14. g4 Bg6 15.
Nbd2 Nd7 16. d5 Bf6 17. Rb1 Re8 18. Bf4 Ne5 19. Kg2 h6 20. b3 Bh7 21. Nxe5 dxe5
22. Be3 Nb7 23. Bd3 Bg5 24. Qe2 Bxe3 25. Qxe3 Qa5 26. Rb2 Rad8 27. Rc2 Rd6 28.
a4 Qb4 29. axb5 axb5 30. Ra1 Bg6 31. Ra7 Rb6 32. f3 Rc8 33. Be2 Nd6 34. h4 Rbb8
35. h5 Bh7 36. g5 hxg5 37. Qxg5 Nxe4 38. Nxe4 Bxe4 39. Rd2 Bh7 40. h6 Bg6 41.
hxg7 Qf4 42. Qxf4 exf4 43. d6 Bf5 44. d7 Rd8 45. Rc7 Kxg7 46. Rd6 Be6 47. Rxc5
Bxb3 48. Rxb5 Rxb5 49. Bxb5 Be6 50. Rd4 Kf8 51. Rxf4 1/2-1/2

[Event "27th North American Open"]
[Site "Las Vegas"]
[Date "2017.12.27"]
[Round "3"]
[White "Norowitz, Yaacov"]
[Black "Kretchetov, Alexandre"]
[Result "1-0"]
[WhiteElo "2423"]
[BlackElo "2264"]
[PlyCount "129"]
[EventDate "2017.12.??"]
[EventType "swiss"]
[EventRounds "9"]
[EventCountry "USA"]
[Source "MonRoi"]

1. d4 g6 2. Nf3 Bg7 3. c3 Nf6 4. Bg5 O-O 5. Nbd2 d5 6. Bxf6 exf6 7. g3 c6 8.
Bg2 f5 9. O-O Be6 10. Ne1 Nd7 11. Nd3 Nf6 12. Nf4 Bd7 13. e3 Rb8 14. c4 dxc4
15. Nxc4 Qe7 16. Rc1 Rfd8 17. Qb3 Ne4 18. Rfd1 g5 19. Nd3 Be6 20. Qc2 Rbc8 21.
Nd2 Bd5 22. Nxe4 fxe4 23. Qc5 Qe6 24. Nb4 Bf8 25. Qc3 Bxb4 26. Qxb4 Rc7 27. Qd2
f5 28. b3 Rf8 29. Rc3 Rg7 30. Re1 h5 31. Qe2 g4 32. Qc2 h4 33. b4 Rh7 34. Bf1
b5 35. a4 a6 36. axb5 axb5 37. Ra1 Qd6 38. Qb2 Qh6 39. Rca3 Qg5 40. Qd2 Rff7
41. Ra8+ Kg7 42. Re8 Rh8 43. Rxh8 Kxh8 44. Ra8+ Kg7 45. Qc3 Qe7 46. Be2 h3 47.
Kf1 Rf8 48. Ra6 Rf7 49. Ke1 Qb7 50. Qa3 Qe7 51. Kd2 Qc7 52. Qc3 Qb7 53. Qa3 Qe7
54. Bd1 Qe6 55. Qc3 Qc8 56. Ra5 Qe6 57. Kc1 Rd7 58. Qc5 Qe7 59. Kb2 Qf7 60. Ra8
Rb7 61. Kc3 Rc7 62. Qb6 c5 63. Rd8 cxd4+ 64. Kd2 Bc4 65. Rxd4 1-0

[Event "27th North American Open"]
[Site "Las Vegas"]
[Date "2017.12.27"]
[Round "3"]
[White "Matikozyan, Andran"]
[Black "Krishnamoorthy, Vijay"]
[Result "1-0"]
[WhiteElo "2418"]
[BlackElo "2198"]
[PlyCount "63"]
[EventDate "2017.12.??"]
[EventType "swiss"]
[EventRounds "9"]
[EventCountry "USA"]
[Source "MonRoi"]

1. e4 Nc6 2. Nf3 d6 3. Bb5 a6 4. Ba4 g6 5. O-O Bg7 6. c3 Nf6 7. Re1 O-O 8. d4
b5 9. Bb3 Na5 10. Bc2 e6 11. Bg5 h6 12. Bh4 Qe8 13. e5 Nd5 14. Nbd2 Nc4 15.
Nxc4 bxc4 16. Nd2 Qb5 17. Rb1 Nf4 18. Bg3 dxe5 19. dxe5 Nd3 20. Re3 Nc5 21. a4
Qc6 22. Nxc4 Bb7 23. Qf1 a5 24. b3 Rfd8 25. f3 Rd5 26. Qe1 h5 27. Nxa5 Rxa5 28.
c4 Ra8 29. cxd5 exd5 30. Rc3 d4 31. Be4 Qb6 32. Rxc5 1-0

[Event "27th North American Open"]
[Site "Las Vegas"]
[Date "2017.12.27"]
[Round "3"]
[White "Mulyar, Michael"]
[Black "Kung, Thomas"]
[Result "1-0"]
[WhiteElo "2402"]
[BlackElo "2188"]
[PlyCount "131"]
[EventDate "2017.12.??"]
[EventType "swiss"]
[EventRounds "9"]
[EventCountry "USA"]
[Source "MonRoi"]

1. d4 d5 2. c4 c6 3. Nc3 Nf6 4. e3 e6 5. Nf3 Nbd7 6. Qc2 Bd6 7. b3 O-O 8. Be2
b6 9. O-O Bb7 10. Bb2 Qc7 11. h3 a6 12. Rac1 Rac8 13. Rfd1 Rfe8 14. Bd3 h6 15.
cxd5 Nxd5 16. Qe2 Nxc3 17. Rxc3 b5 18. Bb1 Qb6 19. e4 Nf8 20. e5 Be7 21. Nh2 c5
22. Rg3 cxd4 23. Ng4 Ng6 24. Nxh6+ gxh6 25. Qh5 Bg5 26. h4 Nf4 27. Qg4 Kf8 28.
hxg5 hxg5 29. Kh2 f6 30. exf6 Kf7 31. Bxd4 Qc7 32. Be3 Rh8+ 33. Kg1 Bd5 34.
Bxf4 Qxf4 35. Qxg5 Qxg5 36. Rxg5 Kxf6 37. Rg6+ Ke5 38. f3 Rc3 39. Kf2 a5 40.
Re1+ Kd6 41. Be4 Kc5 42. Rg5 Rd8 43. Rd1 Kb4 44. Rd2 Rc5 45. Bxd5 exd5 46. Rg4+
Ka3 47. Rgd4 b4 48. g4 Rf8 49. Kg3 Rfc8 50. g5 Rc2 51. Rxc2 Rxc2 52. Rxd5 Kxa2
53. Rxa5+ Kxb3 54. g6 Rc8 55. Kg4 Kc4 56. Ra1 Kd5 57. Kg5 Kd6 58. f4 Rb8 59. f5
Ke7 60. f6+ Kf8 61. Kh6 b3 62. Kh7 b2 63. Rb1 Ke8 64. Kg7 Kd8 65. f7 Ke7 66.
Rxb2 1-0

[Event "27th North American Open"]
[Site "Las Vegas"]
[Date "2017.12.27"]
[Round "3"]
[White "Inapuri, Ramya"]
[Black "Wheeler, Cameron"]
[Result "0-1"]
[WhiteElo "2143"]
[BlackElo "2384"]
[PlyCount "92"]
[EventDate "2017.12.??"]
[EventType "swiss"]
[EventRounds "9"]
[EventCountry "USA"]
[Source "MonRoi"]

1. g3 e5 2. Bg2 d5 3. d4 exd4 4. Qxd4 Nf6 5. Nf3 Nc6 6. Qd1 Bc5 7. O-O Be6 8.
Nbd2 Qd7 9. Nb3 Bb6 10. Bf4 O-O-O 11. a4 a6 12. Ne5 Nxe5 13. Bxe5 Bh3 14. a5
Ba7 15. Bd4 Bxg2 16. Kxg2 Kb8 17. Bxa7+ Kxa7 18. Qd4+ Ka8 19. Rfd1 Qf5 20. Qd3
Qe5 21. Nc5 Rhe8 22. Nxa6 Qd6 23. Nxc7+ Qxc7 24. a6 b6 25. Qb5 Qc5 26. Qxc5
bxc5 27. e3 Rb8 28. b3 Ka7 29. Ra5 Rec8 30. g4 g5 31. h4 gxh4 32. g5 Kb6 33.
Rda1 Ne4 34. f4 Ka7 35. Rd1 Rd8 36. Rh1 h6 37. Rxh4 hxg5 38. Rh7 Rd7 39. fxg5
Rg8 40. Rh6 Rxg5+ 41. Kf3 Rf5+ 42. Ke2 Rf2+ 43. Kd1 d4 44. exd4 Rxd4+ 45. Kc1
Rdd2 46. Ra2 Nc3 0-1

[Event "27th North American Open"]
[Site "Las Vegas"]
[Date "2017.12.27"]
[Round "3"]
[White "Aaron, Deepak"]
[Black "Wang, Xiexin"]
[Result "1-0"]
[WhiteElo "2307"]
[BlackElo "2108"]
[PlyCount "150"]
[EventDate "2017.12.??"]
[EventType "swiss"]
[EventRounds "9"]
[EventCountry "USA"]
[Source "MonRoi"]

1. e4 e6 2. d4 d5 3. Nd2 Nf6 4. e5 Nfd7 5. c3 c5 6. f4 Nc6 7. Ngf3 Qb6 8. Nb3
cxd4 9. Nbxd4 a6 10. Be2 Be7 11. O-O O-O 12. Kh1 Nxd4 13. cxd4 f5 14. exf6 Nxf6
15. Bd3 Bd7 16. a4 Bd6 17. Qe2 Rae8 18. Be3 Qd8 19. Ne5 Ne4 20. Qc2 Bxe5 21.
dxe5 Qh4 22. Rf3 Rc8 23. Qb3 b5 24. axb5 axb5 25. f5 Bc6 26. Rf4 Qe7 27. f6
gxf6 28. Bxe4 dxe4 29. exf6 Qf7 30. Rg4+ Kh8 31. Bh6 Qxf6 32. Bg7+ Qxg7 33.
Rxg7 Kxg7 34. Qxe6 Ra8 35. Rc1 Rf6 36. Qe7+ Rf7 37. Qe5+ Kg8 38. h3 Bb7 39. Rc3
Ra6 40. Qb8+ Kg7 41. Rc7 Bd5 42. Rc8 Re7 43. Qxb5 Rd6 44. Qc5 Rdd7 45. Qd4+ Kf7
46. Qh8 Ke6 47. Qg8+ Kd6 48. Qg3+ Ke6 49. Qg4+ Kd6 50. Qf4+ Ke6 51. Qh6+ Ke5
52. Qe3 Bb7 53. Rc5+ Rd5 54. Rc4 Rd6 55. b4 Rd3 56. Qg5+ Ke6 57. Qg8+ Kf6 58.
Qf8+ Ke6 59. Qh6+ Kd7 60. Qb6 Ke8 61. Qb5+ Rdd7 62. Qg5 Rd6 63. Qg8+ Kd7 64.
Qb8 Ke6 65. Qg8+ Kd7 66. Qg4+ Kd8 67. Qf4 Kd7 68. Qe3 Ke8 69. Rc3 Ree6 70. b5
Rd7 71. Qg5 Rde7 72. Qg8+ Kd7 73. Qb8 Bd5 74. Rc7+ Kd6 75. Rc6+ Kd7 1-0

[Event "27th North American Open"]
[Site "Las Vegas"]
[Date "2017.12.27"]
[Round "3"]
[White "Kirumaki, Ronit"]
[Black "Niemann, Hans"]
[Result "1/2-1/2"]
[WhiteElo "2050"]
[BlackElo "2297"]
[PlyCount "101"]
[EventDate "2017.12.??"]
[EventType "swiss"]
[EventRounds "9"]
[EventCountry "USA"]
[Source "MonRoi"]

1. b3 d5 2. Bb2 Bf5 3. e3 e6 4. d3 Nf6 5. Nd2 Be7 6. Ngf3 h6 7. Be2 O-O 8. O-O
c6 9. Ne5 Nbd7 10. Ndf3 Bh7 11. c4 Bd6 12. d4 Ne4 13. Nxd7 Qxd7 14. Ne5 Bxe5
15. dxe5 Rfd8 16. f3 Nc5 17. Ba3 b6 18. b4 Nb7 19. c5 b5 20. Bb2 a5 21. a3 Ra7
22. Bd3 Bxd3 23. Qxd3 Rda8 24. f4 Nd8 25. Bc3 Ra6 26. e4 axb4 27. axb4 Rxa1 28.
Rxa1 Rxa1+ 29. Bxa1 Qa7 30. Bc3 Qa3 31. g3 Qb3 32. exd5 exd5 33. f5 h5 34. h3
Qa2 35. g4 hxg4 36. hxg4 Qa7 37. Qe3 Qe7 38. Qf4 Qh4 39. Kg2 g6 40. Bd2 Qe7 41.
Qg5 Kf8 42. e6 fxe6 43. Qxg6 Qf7 44. Qh6+ Qg7 45. Qh4 Ke8 46. f6 Qg6 47. Qh8+
Kf7 48. Qxd8 Qxg4+ 49. Kf2 Qf5+ 50. Ke2 Qg4+ 51. Kf2 1/2-1/2

[Event "27th North American Open"]
[Site "Las Vegas"]
[Date "2017.12.27"]
[Round "3"]
[White "Ghatti, Sanjay"]
[Black "Mokriak, Luidmila"]
[Result "1-0"]
[WhiteElo "2212"]
[BlackElo "2054"]
[PlyCount "67"]
[EventDate "2017.12.??"]
[EventType "swiss"]
[EventRounds "9"]
[EventCountry "USA"]
[Source "MonRoi"]

1. e4 e6 2. d4 d5 3. Nd2 Nf6 4. e5 Nfd7 5. f4 c5 6. Ngf3 Nc6 7. Nb3 Qb6 8. dxc5
Bxc5 9. Nxc5 Nxc5 10. c3 Ne4 11. Qc2 f5 12. exf6 gxf6 13. Bd3 f5 14. Qe2 Bd7
15. Be3 Qa5 16. Bxe4 fxe4 17. Ng5 h5 18. O-O Ke7 19. b4 Qc7 20. Bc5+ Ke8 21. c4
b6 22. cxd5 exd5 23. Qb2 Rg8 24. Qf6 Bg4 25. Be3 Nxb4 26. f5 Qe7 27. Qd4 Kd7
28. a3 Qc5 29. Qxc5 bxc5 30. axb4 d4 31. Nxe4 dxe3 32. Nf6+ Kc6 33. Nxg8 Rxg8
34. Rac1 1-0

[Event "27th North American Open"]
[Site "Las Vegas"]
[Date "2017.12.27"]
[Round "3"]
[White "Tanaka, Tyler"]
[Black "Yanayt, Eugene"]
[Result "1-0"]
[WhiteElo "1993"]
[BlackElo "2173"]
[PlyCount "53"]
[EventDate "2017.12.??"]
[EventType "swiss"]
[EventRounds "9"]
[EventCountry "USA"]
[Source "MonRoi"]

1. e4 g6 2. d4 Bg7 3. c4 d6 4. Nc3 Nf6 5. Be2 O-O 6. Bg5 Na6 7. Qd2 e5 8. d5
Nc5 9. f3 a5 10. h4 Qe8 11. g4 Nfd7 12. Nh3 f5 13. gxf5 gxf5 14. O-O-O f4 15.
Rdg1 Kh8 16. h5 h6 17. Bh4 Nf6 18. Bf1 Nxh5 19. Nf2 Nf6 20. Bg5 h5 21. Nd3
Nxd3+ 22. Bxd3 Nh7 23. Qh2 Bf6 24. Bxf6+ Nxf6 25. Nb5 Qf7 26. Qh4 b6 27. Qxf6+
1-0

[Event "27th North American Open"]
[Site "Las Vegas"]
[Date "2017.12.27"]
[Round "3"]
[White "Subramanian, Arun"]
[Black "Blatny, Pavel"]
[Result "1-0"]
[WhiteElo "2490"]
[BlackElo "2324"]
[PlyCount "121"]
[EventDate "2017.12.??"]
[EventType "swiss"]
[EventRounds "9"]
[EventCountry "USA"]
[Source "MonRoi"]

1. d4 d6 2. Nf3 Nf6 3. c4 g6 4. Nc3 Bf5 5. d5 Bg7 6. Nd4 Bd7 7. e4 e5 8. Nf3 a5
9. h3 Na6 10. Be3 b6 11. Be2 Nc5 12. Nd2 O-O 13. g4 Ne8 14. h4 f5 15. gxf5 gxf5
16. h5 f4 17. Bxc5 dxc5 18. h6 Bf6 19. Bg4 Kh8 20. a4 Rg8 21. Bxd7 Qxd7 22. Qf3
Nd6 23. Nb5 Nf7 24. O-O-O Rg6 25. Qh3 Qxh3 26. Rxh3 Rc8 27. Nf3 Be7 28. Kd2 Bd6
29. Rdh1 Rcg8 30. Ke2 Rf6 31. Rh5 Rgg6 32. Na7 Rxh6 33. Nc6 Kg7 34. Rxh6 Rxh6
35. Rxh6 Kxh6 36. Kf1 Kg7 37. Kg2 Kf6 38. Kh3 Bf8 39. Kg4 Bg7 40. b3 Bf8 41.
Kh5 Bd6 42. Na7 Be7 43. Nb5 Bd8 44. Nc3 Kg7 45. Nb5 Kf8 46. Nh2 Ke8 47. Ng4 Kd7
48. f3 c6 49. Na7 cxd5 50. cxd5 Be7 51. Nb5 Bd8 52. Na3 Ke7 53. Nc4 Bc7 54. Nh6
Nd6 55. Nxe5 b5 56. axb5 Nxb5 57. Nf5+ Kf6 58. Nd7+ Kf7 59. Nxc5 Be5 60. Nd3
Kf6 61. Kg4 1-0

[Event "27th North American Open"]
[Site "Las Vegas"]
[Date "2017.12.27"]
[Round "4.1"]
[White "Gabuzyan, Hovhannes"]
[Black "Shmelov, Denys"]
[Result "1/2-1/2"]
[WhiteElo "2581"]
[BlackElo "2420"]
[PlyCount "50"]
[EventDate "2017.12.??"]
[EventType "swiss"]
[EventRounds "9"]
[EventCountry "USA"]
[Source "MonRoi"]

1. g3 Nf6 2. Bg2 d5 3. Nf3 c6 4. O-O Bf5 5. c4 e6 6. cxd5 exd5 7. d3 Be7 8. Qb3
Qb6 9. Qc2 O-O 10. Nc3 Na6 11. a3 h6 12. e4 Bh7 13. b4 Nc7 14. Be3 Qa6 15. Rfe1
Ne6 16. Nd4 Ng4 17. Nxe6 fxe6 18. exd5 exd5 19. b5 Qa5 20. Bd4 Bf6 21. Bxf6
Rxf6 22. Re2 Raf8 23. Rf1 Qb6 24. bxc6 bxc6 25. Nd1 h5 1/2-1/2